[Event "Bagnara Calabra op-B"]
[Site "Bagnara Calabra"]
[Date "2009.01.06"]
[Round "7"]
[White "Pratico, Paolo"]
[Black "Licari, Carmelo"]
[Result "0-1"]
[WhiteElo "1317"]
[BlackElo "1395"]
[PlyCount "36"]
[EventDate "2009.01.02"]
[EventType "swiss"]
[EventRounds "7"]
[EventCountry "ITA"]
[SourceTitle "CBM 128 Extra"]
[Source "ChessBase"]
[SourceDate "2009.03.05"]
[SourceVersion "2"]
[SourceVersionDate "2009.03.25"]
[SourceQuality "1"]

1. d4 d5 2. Nf3 e6 3. e3 Nf6 4. g3 Nc6 5. Bg2 Bd7 6. 0-0 Be7 7. c3 a5 8. a4 b6 9. b3 0-0 10. Qc2 Re8 11. Nbd2 Bd6 12. Re1 e5 13. Ba3 e4 14. Ng5 h6 15. Bxd6 cxd6 16. Nh3 Qc8 17. b4 Nxb4 18. cxb4 Qxc2 0-1